LEADER 01413nam a2200313 4500 001 000000361409 003 CaOOAMICUS 005 20250123113250.0 008 250122s2000 it a 000 u ita r 020 $a88-86229-28-3 040 $aSeMil$bita 245 00$aFiabe sarde /$craccontate da Sergio Atzeni e Rossana Copez ; presentate da Albino Bernardini ; introduzione di Giacomo Mameli ; illustrazioni di Bruno Olivieri. 264 1$aCagliari :$bCondaghes,$c2000. 300 $a155 p. :$bill. ;$c17 cm 490 1 $aIl trenino verde ;$v3 650 4$aFiabe sarde.$0(OLS)http://semarc/subject/57006 700 1 $aCopez, Rossana.$0(OLS)http://semarc/name/121349 700 1 $aBernardini, Albino.$0(OLS)http://semarc/name/121350 700 1 $aAtzeni, Sergio,$d<1952-1995>.$0(OLS)http://semarc/name/110160 700 1 $aOlivieri, Bruno.$0(OLS)http://semarc/name/121352 700 1 $aMameli, Giacomo.$0(OLS)http://semarc/name/121351 830 3$aIl trenino verde ;$v3.$0(OLS)http://semarc/title/452128 850 $aSeMil 852 $aSeMil$W1$xVenegono$y1$m1B I 464$j254034$B252373$CSeMilBibl$Z2$F252373 $81 961 $aCucchetti don Stefano - Omaggio 996 $6020$a88-86229-28-3$9(OLS)http://semarc/number/302270 996 $6245$aFiabe sarde$9(OLS)http://semarc/title/452125 996 $6264$aCagliari :$bCondaghes$9(OLS)http://semarc/publisher/62199 LEADER 01251nam a2200253 i 4500 001 000000047509 003 CaOOAMICUS 005 20080402000000.0 008 080402s1962 it u000 u ita u 013 $a18679 040 $aSeMil$bita 100 1 $aDe Luca, Giuseppe,$c.$0(OLS)http://semarc/name/242 245 10$aIntroduzione alla storia della pietà :$b1., Archivio italiano per la storia della pietà. 2., Scrittori di religione del Trecento /$cGiuseppe De Luca. 260 $aRoma :$bEdizioni di Storia e Letteratura,$c1962. 300 $aXIII, 185 p. ;$c26 cm. 500 $aFondo Card. Giovanni Colombo. 650 4$aLetteratura religiosa italiana - Sec. 14.$0(OLS)http://semarc/subject/10014 650 4$aPietà - Storia religiosa.$0(OLS)http://semarc/subject/10015 850 $aSeMil 852 $aSeMil$W1$xVenegono$y1$m2C IV 181 °$j13664$B13664$CSeMilBibl$Z2$F13664 $81 941 1 $a3 961 $aLascito: Colombo Card. Giovanni 996 $6245$aIntroduzione alla storia della pietà :$b1., Archivio italiano per la storia della pietà. 2., Scrittori di religione del Trecento$9(OLS)http://semarc/title/71606 996 $6260$aRoma :$bEdizioni di Storia e Letteratura$9(OLS)http://semarc/publisher/29779